|
|
|
|
| LEADER |
00000nab a2200000 a 4500 |
| 001 |
vtls000544861 |
| 003 |
SK-MaSNL |
| 005 |
20260426071440.0 |
| 008 |
180405c1995 xo 0 slo |
| 015 |
|
|
|a SNBRB19rr/mm-uuuuu
|
| 035 |
|
|
|a CL0544999
|
| 040 |
|
|
|a SNKBUCL
|b slo
|c SNKBUCL
|e AACR2
|
| 041 |
0 |
|
|a slo
|
| 044 |
|
|
|a xo
|c SK
|
| 080 |
|
|
|a 943.76"1945"
|2 1981
|
| 080 |
|
|
|a 355.48(437.6)"1945"
|2 1981
|
| 080 |
|
|
|a 940.53
|2 1981
|
| 100 |
1 |
|
|a Pauliak, Ervín
|4 aut
|9 320334
|
| 245 |
1 |
0 |
|a Vo vojne i proti vojne
|b Slovensko a Slováci vo vojnovom roku 1945 1
|c Ervín Pauliak
|
| 300 |
|
|
|b Fotogr. 2
|
| 650 |
0 |
7 |
|a druhá svetová vojna (1939-1945)
|2 snkbucl
|9 169657
|
| 651 |
|
7 |
|a Slovensko
|2 snkbucl
|9 14231
|
| 655 |
|
7 |
|a články z novín a časopisov
|2 snkbucl
|9 267496
|
| 773 |
0 |
|
|t Nedeľná Pravda magazín
|g Roč. 4, č. 16 (1995), s. 18-19
|
| 850 |
|
|
|a Slovenská národná knižnica v Martine
|a MTA001
|
| 852 |
|
|
|a SNK
|b KIS3GCP
|
| 958 |
|
|
|a RK
|
| 958 |
|
|
|a SK
|
| 992 |
|
|
|a RBX
|
| 999 |
|
|
|c 2678621
|d 2680551
|